La función pública (Registro nro. 7630)
[ vista simple ]
| 000 -LEADER | |
|---|---|
| fixed length control field | 01275 a2200205 4500 |
| 001 - CONTROL NUMBER | |
| control field | 62267 |
| 005 - DATE AND TIME OF LATEST TRANSACTION | |
| control field | 20260407155916.0 |
| 008 - FIXED-LENGTH DATA ELEMENTS--GENERAL INFORMATION | |
| fixed length control field | 260407a1960 arg spa d |
| 003 - CONTROL NUMBER IDENTIFIER | |
| control field | AR-UNSa-BCEJYS |
| 040 ## - CATALOGING SOURCE | |
| Original cataloging agency | AR-UNSa-BCEJYS |
| Language of cataloging | spa |
| Transcribing agency | AR-UNSa-BCEJYS |
| 080 ## - UNIVERSAL DECIMAL CLASSIFICATION NUMBER | |
| Universal Decimal Classification number | 35.08 |
| Common auxiliary subdivision | Personal administrativo. Funcionarios. plantilla. función pública. Teoría, organización |
| 041 ## - LANGUAGE CODE | |
| Language code of text/sound track or separate title | spa |
| 100 1# - MAIN ENTRY--PERSONAL NAME | |
| Personal name | Bielsa, Rafael |
| 245 10 - TITLE STATEMENT | |
| Title | La función pública |
| Name of part/section of a work | Caracteres jurídicos y políticos. La moralidad administrativa |
| 264 #1 - PRODUCTION, PUBLICATION, DISTRIBUTION, MANUFACTURE, AND COPYRIGHT NOTICE | |
| Place of production, publication, distribution, manufacture | Buenos Aires : |
| Name of producer, publisher, distributor, manufacturer | Roque Depalma Editor |
| Date of production, publication, distribution, manufacture, or copyright notice | 1960 |
| 300 ## - PHYSICAL DESCRIPTION | |
| Extent | 249 p. |
| Dimensions | 24 cm. |
| 505 ## - FORMATTED CONTENTS NOTE | |
| Formatted contents note | 1. El empleo público, situación de inferioridad en la protección legal del funcionario público respecto al empleado privado - 2. La moral política y administrativa en la función pública – 3. La jerarquía administrativa y los factores que la informan – 4. El estatuto del funcionario público – 5. Principios generales de derecho público – 6. Examen critico de un estatuto de funcionario público – 7. El estatuto de funcionarios públicos – 8. El enriquecimiento ilícito de los funcionarios públicos – 9. Sobre gestiones patrimoniales ilícitas de los funcionarios públicos. |
| 590 ## - LOCAL NOTE (RLIN) | |
| Local note | niveau_biblio:m niveau_hierar:0 |
| 942 ## - ADDED ENTRY ELEMENTS (KOHA) | |
| Koha item type | |
| Withdrawn status | Lost status | Damaged status | Not for loan | Home library | Current library | Shelving location | Date acquired | Total checkouts | Full call number | Barcode | Date last seen | Price effective from | Koha item type | Public note |
|---|---|---|---|---|---|---|---|---|---|---|---|---|---|---|
| Biblioteca Prof. Eusebio Cleto del Rey | Biblioteca Prof. Eusebio Cleto del Rey | 07/04/2026 | 35.08 B587 | L26504 | 07/04/2026 | 07/04/2026 | Libro | PÁG 247 A FINAL ROTAS | ||||||
| Biblioteca Prof. Eusebio Cleto del Rey | Biblioteca Prof. Eusebio Cleto del Rey | 07/04/2026 | 35.08 B587 | L26505 | 07/04/2026 | 07/04/2026 | Libro |